[Event "FIDE GP"]
[Site "Moscow RUS"]
[Date "2002.06.05"]
[Round "5.2"]
[White "Akopian,V"]
[Black "Kasimdzhanov,R"]
[Result "1/2-1/2"]
[WhiteElo "2678"]
[BlackElo "2674"]
[EventDate "2002.06.01"]

1. e4 e5 2. Nf3 Nf6 3. Nxe5 d6 4. Nf3 Nxe4 5. d4 d5 6. Bd3 Bd6 7. O-O O-O
8. c4 c6 9. Re1 Bf5 10. Qb3 Na6 11. cxd5 cxd5 12. Nc3 Be6 13. a3 Nc7 14.
Qc2 f5 15. Ne2 Bf7 16. Bf4 Bh5 17. Bxd6 Qxd6 18. Ne5 Bxe2 19. Bxe2 Ne6 20.
Rad1 Rad8 21. Qa4 a6 22. f3 Nf6 23. Bd3 g6 24. Bb1 Rfe8 25. Qa5 Kg7 26. Qd2
Re7 27. g4 fxg4 28. fxg4 Rde8 29. g5 Nd7 30. Nxd7 Qxd7 31. Re5 Rf7 32. Qe3
Nf4 33. Kh1 Ref8 34. Bf5 Rxf5 35. Re7+ Qxe7 36. Qxe7+ R8f7 37. Qe3 Rxg5 38.
Rf1 Rgf5 39. Rf2 Rf8 40. h4 R8f7 41. Kh2 Rf8 42. a4 R8f7 43. b4 Rf8 44. b5
axb5 45. axb5 R8f7 46. b6 R5f6 47. Qd2 Rf5 48. Rf3 R5f6 49. Rf1 Rf8 50. Rc1
Rxb6 51. Rc7+ Kg8 52. Re7 Re6 53. Rxe6 Nxe6 54. Qe3 Nf4 55. Kg3 Nh5+ 56.
Kg4 Nf6+ 57. Kf3 Ne4+ 58. Kg2 h5 59. Qb3 Rf5 60. Qxb7 Kh8 61. Qe7 Kg8 62.
Kg1 Kh8 63. Kh2 Kg8 64. Kg2 Rf2+ 65. Kg1 Rf5 66. Qc7 Kh8 67. Qc6 Kg7 68.
Qe6 Kh7 69. Qe8 Kg7 70. Qe7+ Kg8 1/2-1/2